000 00449nmm a2200157Ia 4500
008 251105s9999||||xx |||||||||||||||||und||
020 _a9788490647578
041 _aspa
100 _aPoch Avellan, Concepció
245 0 _aLa muerte imparable
264 _a[Madrid, España] :
_bUniversitat Oberta de Catalunya,
_c2015
300 _a90 páginas
650 _aPsychology
856 _uhttps://public.digitaliapublishing.com/a/38001
942 _cCF
999 _c87750
_d87750